PEARS Cyclopaedia - 1981-82 (Record no. 483425)

MARC details
000 -LEADER
fixed length control field 00775nam a2200217Ia 4500
008 - FIXED-LENGTH DATA ELEMENTS--GENERAL INFORMATION
fixed length control field 100315s9999 xx 000 0 und d
020 ## - INTERNATIONAL STANDARD BOOK NUMBER
International Standard Book Number 0-7207-1345-5 
040 ## - CATALOGING SOURCE
Transcribing agency ENGLISH 
082 ## - DEWEY DECIMAL CLASSIFICATION NUMBER
Item number 8690 
Classification number 030 
100 ## - MAIN ENTRY--PERSONAL NAME
Personal name "Cook , Christopher, Barker, Mary "
245 ## - TITLE STATEMENT
Title PEARS Cyclopaedia - 1981-82
260 ## - PUBLICATION, DISTRIBUTION, ETC. (IMPRINT)
Place of publication, distribution, etc London 
Name of publisher, distributor, etc Pehlam Books  
Date of publication, distribution, etc 1981 
365 ## - TRADE PRICE
Price note Rupees 
Unit of pricing
Price amount 0.00 
366 ## - TRADE AVAILABILITY INFORMATION
Publishers' discount category
505 ## - FORMATTED CONTENTS NOTE
Miscellaneous information Jaya Nikhade 
530 ## - ADDITIONAL PHYSICAL FORM AVAILABLE NOTE
Availability source Donated By RBI Library  
620 ## -
-- "Prominent People , Political Compendim, The World of Science, Gneral Information, Literary Companion, General Compendium, Intorduction to Architecture, Atlas of the World "
630 ## - SUBJECT ADDED ENTRY--UNIFORM TITLE
Uniform title PEARS Cyclopaedia - 1981-82
730 ## - ADDED ENTRY--UNIFORM TITLE
Uniform title PEARS Cyclopaedia - 1981-82
942 ## - ADDED ENTRY ELEMENTS (KOHA)
Koha item type Book
Holdings
Withdrawn status Lost status Damaged status Not for loan Home library Current library Date acquired Cost, normal purchase price Total Checkouts Full call number Barcode Date last seen Price effective from Koha item type
        Dr. V. N. Bedekar Institute of Management Studies Library Dr. V. N. Bedekar Institute of Management Studies Library 05/15/2009 0.00   030 /COO/BAR  8690  VPMBRIMS-8690  03/19/2010 03/19/2010 Book